00397nam a2200157Ia 45000010006000000050017000060080041000230410008000640820016000721000035000882450056001232600009001793000035001886500008002236540008002311344620260306164801.0260306t2006||||xx |||||||||||||| ||spa|| aESP a004.16bP19 aPalacios Municio, EnriqueeAUT 0aMicrocontrolador PIC16F84:bdesarrollo de proyectos c2006 axxiii, 623 páginas :c23 cm. aGEN aCCC